00989nam a2200193 4500003000800000005001700008008004100025040002600066041000800092100004600100245021300146260004300359300001800402502015100420504005100571650004200622650005000664830008100714DO-SdUA20250325093535.0 s2020 dr a|| |||| 0 |a||0|spa d aDO-SdUAbspacDO-SdUA0 aspa1 aSantos Ramírez, Tomás Enrique de los 10aJuegos tradicionales y populares como identidad nacional en los Centros Educativos Privados de la Zona Urbana del Distrito Educativo 02-05 San Juan Este, 2017-2018 / cTomás Enrique de los Santos Ramírez. aSan Juan de la Maguana :bUASD,c2020. a108 h. :bil. aTesis y trabajo de grado (Maestría en Educación Física y el Deporte)--Universidad Autónoma de Santo Domingo, San Juan de la Maguana, 2020. aIncluye referencias bibliográficas y anexos. 72lembaJuegos educativosxEnseñanza  72lembaJuegos escolaresxEnseñanza elemental aTesis y disertaciones académicas (Universidad Autónoma de Santo Domingo)